Central Library OPAC University of Rajshahi

Shakespeare's plays in performance / (Record no. 54594)

MARC details
000 -LEADER
fixed length control field 00738nam a2200229 a 4500
001 - CONTROL NUMBER
control field 54594
003 - CONTROL NUMBER IDENTIFIER
rucl marc code BD-RjUL
005 - DATE AND TIME OF LATEST TRANSACTION
control field 20211209080137.0
008 - FIXED-LENGTH DATA ELEMENTS--GENERAL INFORMATION
fixed length control field 161107s1966 enkaf b 000 0 eng
035 ## - SYSTEM CONTROL NUMBER
System control number (BD-RjUL) 54716
040 ## - CATALOGING SOURCE
Original cataloging agency DLC
Transcribing agency WEL
Modifying agency BD-RjUL
-- SER
Language of cataloging eng
041 ## - LANGUAGE CODE
Language code of text/sound track or separate title eng
082 ## - DEWEY DECIMAL CLASSIFICATION NUMBER
Edition number 23
Classification number 822.33
Author mark and year BRS 1966
100 1# - MAIN ENTRY--PERSONAL NAME
Personal name Brown, John Russell.
9 (RLIN) 162833
245 10 - TITLE STATEMENT
Title Shakespeare's plays in performance /
Statement of responsibility, etc. John Russell Brown
260 ## - PUBLICATION, DISTRIBUTION, ETC. (IMPRINT)
Place of publication, distribution, etc. London :
Name of publisher, distributor, etc. Edward Arnold,
Date of publication, distribution, etc. 1966.
300 ## - PHYSICAL DESCRIPTION
Pagination x, 244 p. :
Illustrations illus. ;
Size 23 cm
504 ## - BIBLIOGRAPHY, ETC. NOTE
Bibliography, etc Bibliographical footnotes
600 10 - SUBJECT ADDED ENTRY--PERSONAL NAME
Personal name Shakespeare, William,
Dates associated with a name 1564-1616
General subdivision Technique.
Personal name Shakespeare, William,
Dates associated with a name 1564-1616
General subdivision Stage history
Chronological subdivision 1800-1950.
942 ## - ADDED ENTRY ELEMENTS (KOHA)
Source of classification or shelving scheme Dewey Decimal Classification
Koha item type Books
Holdings
Lost status Source of classification or shelving scheme Damaged status Not for loan Collection code Permanent Location Current Location Shelving location Date acquired Source of acquisition Cost, normal purchase price Total Checkouts Full call number Date last seen Copy number Koha item type
  Dewey Decimal Classification     Non-fiction Central Library, University of Rajshahi Central Library, University of Rajshahi   25/11/1969 Zeitlinger 35.00   822.33 BRS 1966 08/11/2016 C-2 Books